| 000 | 00403cam a22001097a 4500 | ||
|---|---|---|---|
| 008 | 180718b2002 xxu||||| |||| 00| 0 eng d | ||
| 100 | _aGallardo, Joselito | ||
| 245 |
_aA framework for regulating microfinance institutions: the experience in Ghana and the Philippines _cby Joselito Gallardo |
||
| 260 |
_aWashington, D.C. _bWorld Bank _c2002 |
||
| 300 | _a36p. | ||
| 440 | _aPolicy research working paper 2755 | ||
| 999 |
_c287329 _d287329 |
||